000 00294nam a22001337a 4500
020 _a9781402067778
082 _a631.45 BRA/LA
100 _aBraimoh,Ademola K
100 _aVlek,Paul L.G.
245 _aLand Use and Soil Resources
260 _bSpringer
_c2008
300 _a253
942 _cBK
999 _c13859
_d13859